Atlas vesmíru pre deti : objaviteľská cesta pre malých astronautov /

Hlavní autor: Dušek, Jiří, 1971-
Další autoři: Píšala, Jan, 1982-, Tůma, Tomáš, 1974-, Kremler, Martin
Jazyk: Slovenština
Vydáno: V Prahe : Albatros, 2022
Vydání: Druhé slovenské vydanie
Témata:
Fyzický popis: 36 nečíslovaných rozkládacích stran : barevné ilustrace ; 27 cm + 4 brožury různých rozměrů (8; 8; 4; 8 stran)
Knihy
Uloženo v:
LEADER 02981nam a2200769 i 4500
001 nkc20223476789
003 CZ PrNK
005 20230206074022.0
007 ta
008 221209s2022 xr a b f 000 0 slo
015 |a cnb003476789 
020 |a 978-80-00-06805-3  |q (Albatros ;  |q vázáno)  |z 978-80-00-6805-3 
035 |a (OCoLC)1369541155 
040 |a OLA001  |b cze  |d ABA001  |e rda 
041 1 |a slo  |h cze 
072 7 |a 523/524  |x Sluneční soustava. Hvězdy. Vesmír  |2 Konspekt  |9 6 
072 7 |a 0/9-053.2  |x Literatura pro děti a mládež (naučná)  |2 Konspekt  |9 26 
080 |a 524.8  |2 MRF 
080 |a 523.4  |2 MRF 
080 |a 524.3  |2 MRF 
080 |a 520:001.891  |2 MRF 
080 |a 629.78.07  |2 MRF 
080 |a 0/9  |2 MRF 
080 |a (0.062)  |2 MRF 
080 |a (084.11)  |2 MRF 
080 |a (0.053.2)  |2 MRF 
100 1 |a Dušek, Jiří,  |d 1971-  |7 jn19981228068  |4 aut 
245 1 0 |a Atlas vesmíru pre deti :  |b objaviteľská cesta pre malých astronautov /  |c napísal Jiří Dušek a Jan Píšala ; ilustroval Tomáš Tůma 
250 |a Druhé slovenské vydanie 
264 1 |a V Prahe :  |b Albatros,  |c 2022 
300 |a 36 nečíslovaných rozkládacích stran :  |b barevné ilustrace ;  |c 27 cm +  |e 4 brožury různých rozměrů (8; 8; 4; 8 stran) 
336 |a text  |b txt  |2 rdacontent 
336 |a statický obraz  |b sti  |2 rdacontent 
337 |a bez média  |b n  |2 rdamedia 
338 |a svazek  |b nc  |2 rdacarrier 
500 |a Název z obálky 
500 |a Z češtiny přeložil Martin Kremler 
500 |a Rozkládací strany se 4 vlepenými tematickými sešity 
500 |a Pro nakladatelství Albatros v Praze ve společnosti Albatros Media a.s. připravilo nakladatelství B4U Publishing 
521 8 |a Pro čtenáře od 6 let 
650 0 7 |a vesmír  |7 ph116566  |2 czenas 
650 0 7 |a planety (astronomie)  |7 ph115737  |2 czenas 
650 0 7 |a hvězdná obloha  |7 ph120954  |2 czenas 
650 0 7 |a kosmický výzkum  |7 ph114988  |2 czenas 
650 0 7 |a kosmické lety  |7 ph114985  |2 czenas 
650 0 7 |a všeobecnosti a zajímavosti  |7 ph116736  |2 czenas 
650 0 9 |a universe  |2 eczenas 
650 0 9 |a planets  |2 eczenas 
650 0 9 |a star sky  |2 eczenas 
650 0 9 |a space research  |2 eczenas 
650 0 9 |a space flights  |2 eczenas 
650 0 9 |a facts and features  |2 eczenas 
655 7 |a populárně-naučné publikace  |7 fd131864  |2 czenas 
655 7 |a obrazové publikace  |7 fd132947  |2 czenas 
655 7 |a publikace pro děti  |7 fd133156  |2 czenas 
655 9 |a popular works  |2 eczenas 
655 9 |a pictorial works  |2 eczenas 
655 9 |a children's literature  |2 eczenas 
700 1 |a Píšala, Jan,  |d 1982-  |7 mzk2005312909  |4 aut 
700 1 |a Tůma, Tomáš,  |d 1974-  |7 mzk2003203302  |4 ill 
700 1 |a Kremler, Martin  |4 trl 
910 2 |a BOA001  |b 3-1498.401 
928 9 |a Albatros Media - Albatros 
990 |a BK 
995 |a 01 
991 |b 202212  |c NOV 
996 6 |b 2610924579  |c 3-1498.401  |l MZK  |r Sklad / do 1 hodiny  |n 0  |p p.v.  |w 001908427  |u 000010  |a 1  |e BOA001  |j MZK50  |s P